000 00631nam a2200205 i 4500
001 47375
003 ES-MaACL
005 20250624144948.0
007 t|
008 030407s1959 sp af |||| |bspa d
080 _a929Monet
080 _a75Monet
100 1 _aCorbera Fradera, Carolina,
_d1926-1979
_940459
245 1 3 _aEl lago de los nenúfares
_b: biografía de Claude Monet /
_cCarolina Corbera Fradera.
260 _aMadrid :
_bLincor,
_c1959 (
_fUguina)
300 _a275 p., 12 lám. col. ;
_c22 cm.
600 1 4 _aMonet, Claude,
_d1840-1926
_9240987
852 _aES-MaACL
_jC-15744
999 _c47375
_d47375